000 00761cam a2200217 a 4500
020 _a075064219X
082 0 0 _a621.56
_bTRO
_cN-01, P-89
100 1 _aTrott, A. R.
_941858
245 1 0 _aRefrigeration and air-conditioning /
_cA.R. Trott and T. Welch.
250 _a3rd ed.
260 _aOxford ;
_aBoston, Mass. :
_bButterworth Heinemann,
_c2000.
300 _avi, 377 p. :
_bill. ;
_c25 cm.
526 _a0
_b0
_c0
_d621_560000000000000_TRO
650 0 _aAir conditioning.
_919032
650 0 _aMCE
_9379
650 0 _aRefrigeration and refrigerating machinery.
_919031
700 1 _aWelch, T.
_941859
856 4 1 _uhttp://www.loc.gov/catdir/toc/els033/99051580.html
856 4 2 _uhttp://www.loc.gov/catdir/description/els033/99051580.html
942 _2ddc
_cBK
999 _c545878
_d545878